| 000 | 00580nam a2200169 4500 | ||
|---|---|---|---|
| 008 | 161116b xxu||||| |||| 00| 0 eng d | ||
| 022 | _a01153544 | ||
| 082 | _aDPer 338.05 En86 Apr-Jul 2015 v. 15, n. 158-161 | ||
| 100 |
_917532 _aInolino, Ieth |
||
| 245 |
_aConveniently pinoy: _ball day convenience store to challenge foreign players/ _cIeth Inolino. |
||
| 260 |
_aPhilippines: _bSummit Media, _cApr-Jul 2015. |
||
| 300 |
_av15 n158, page 73: _billustrations, _c28 cm. |
||
| 500 | _aEntrepreneur. | ||
| 650 | 0 |
_917534 _aBusiness _xInvestment |
|
| 942 |
_2ddc _cPER |
||
| 999 |
_c5720 _d5720 |
||